Nekonečný príbeh alebo znovu opakované témy

Stretnutie starostov a primátorov na 25. sneme Združenia miest a obcí Slovenska (ZMOS).

Saved in:
Bibliographic Details
Main Author: Krištofičová, Dagmar
Format: Book Chapter
Language:Slovak
Subjects:
Tags: Add Tag
No Tags, Be the first to tag this record!

MARC

LEADER 00000naa a2200000 4500
001 0190500
005 20231005103719.8
041 0 |a slo 
044 |a SK 
245 1 0 |a Nekonečný príbeh alebo znovu opakované témy  |c Dagmar Krištofičová 
520 |a Stretnutie starostov a primátorov na 25. sneme Združenia miest a obcí Slovenska (ZMOS). 
610 2 0 |a Slovensko 
610 2 0 |a mestá 
610 2 0 |a obce 
610 2 0 |a združenia 
610 2 0 |a financie komunálne 
610 2 0 |a samospráva 
610 2 0 |a politika komunálna 
100 1 |a Krištofičová, Dagmar